01123cam a22003258a 450000100090000000300040000900500170001300800410003001000170007102000290008802000260011704000180014304200080016108200200016908400230018910000240021224500880023626000590032426300090038330000340039252001460042665000210057265000180059365000350061165000370064665000230068365000250070665000400073170000260077116876802OSt20150408114143.0110718s2012 enk 000 0 eng  a 2011030216 a9780470091845 (hardback) a9780470091852 (paper) aDLCcDLCdDLC apcc00a612.76223bMDB aMED0840002bisacsh1 aMacLaren, D.q(Don)10aBiochemistry for sport and exercise metabolism /cDonald MacLaren and James Morton. aChichester, West Sussex ;aHoboken NJ :bWiley,c2012. a1202 axiii, 249 p. :bill ;c24 cm. a"This book will provide them with the basics of the subject presented in a clear, accessible style placed firmly within a sporting context"-- 0aHuman mechanics. 0aBiochemistry. 0aSportsxPhysiological aspects. 0aExercisexPhysiological aspects. 0aEnergy metabolism. 0aMusclesxMetabolism. 7aMEDICAL / Sports Medicine2bisacsh.1 aMorton, James,d1982-